Vista normal Vista MARC

Entrada Topical Term

Número de registros utilizados en: 1

001 - CONTROL NUMBER

  • control field: 9432

003 - CONTROL NUMBER IDENTIFIER

  • control field: OSt

005 - DATE AND TIME OF LATEST TRANSACTION

  • control field: 20200828093104.0

008 - FIXED-LENGTH DATA ELEMENTS

  • fixed length control field: 200828|| aca||aabn | a|a d

040 ## - CATALOGING SOURCE

  • Original cataloging agency: OSt
  • Transcribing agency: OSt

150 ## - HEADING--TOPICAL TERM

  • Topical term or geographic name entry element: Poesía infantil
  • Chronological subdivision: Siglo XX

670 ## - SOURCE DATA FOUND

  • Source citation: Work cat.: (OSt)3288: Niño, Jairo Aníbal, 1941-2010 autor 4195, La alegría de de querer / , 1998